000 00518nam a2200181Ia 4500
008 100917s9999 xx 000 0 und d
082 _b44760
100 _aभागवत लीलावती
245 _aरेशीम बंध
260 _bइंद्रायणी साहित्य
_c1979
300 _a86
365 _b8
520 _aकादंबरी
630 _aरेशीम बंध
650 _aकादंबरी
730 _aरेशीम बंध
942 _cBOOK
999 _c650154
_d650151